LIBRARY & INFORMATION CENTRE, KCAET, TAVANUR

ONLINE PUBLIC ACCESS CATALOGUE (OPAC)

Pazhaya Pattukal / (Record no. 11671)

MARC details
000 -LEADER
fixed length control field 00386cam a2200157ua 4500
041 ## - LANGUAGE CODE
Language code of text/sound track or separate title mal
082 ## - DEWEY DECIMAL CLASSIFICATION NUMBER
Classification number 894.8121
Item number HAR/PA
100 ## - MAIN ENTRY--AUTHOR NAME
Personal name Harisarma, .
245 00 - TITLE STATEMENT
Title Pazhaya Pattukal /
260 ## - PUBLICATION, DISTRIBUTION, ETC. (IMPRINT)
Place of publication :
Name of publisher Sahithya pravarthaka ,
Year of publication 1961.
300 ## - PHYSICAL DESCRIPTION
Number of Pages 148 ; .

No items available.

free website counter